| 000 | 00834nam a2200229Ia 4500 | ||
|---|---|---|---|
| 999 |
_c36042 _d36042 |
||
| 001 | 1941 | ||
| 003 | GE_BSU | ||
| 005 | 20221006122329.0 | ||
| 008 | 181216s2006ru xx |||||||||||||| ||rus|| | ||
| 020 | _a5922802712 | ||
| 040 | _cGE_BSU | ||
| 041 | _arus | ||
| 080 | _a327(075.8) Б-27 | ||
| 100 |
_aБарабанов, О.Н. _915085 |
||
| 245 |
_aИстория мировой политики.Эпоха древного мира _bУчебное пособие / _cО.Н. Барабанов. |
||
| 264 |
_aМосква : _bМосковский гос. ун-т Международных отношений МИД. России, _c2006. |
||
| 300 |
_a328 с :. _b19 см. |
||
| 653 | _aИстория мировой политики | ||
| 653 | _aПолитика | ||
| 653 | _aპოლიტიკა | ||
| 942 |
_cBK _2udc |
||